000 01038nam a22003137a 4500
003 CHAP
005 20220329143346.0
008 081208s2004 mx a r 00010 spa d
010 _a95474
011 _a96446
020 _a9703218857
035 _a107099
040 _cCHAP
082 0 4 _a338.972
_bIn27
245 0 0 _aIndicadores para la caracterización y el ordenamiento territorial
_c/por J. L. Palacio Prieto ...[et al.]
260 _aMéxico :
_bUNAM,
_c2004
300 _a161 p. :
_bilus., gráf., cuadros
590 _aBATCH-UPD
_b10
_c20130110
_lUCH01
_h0637
590 _aBATCH-UPD
_b10
_c20130410
_lUCH01
_h0321
590 _aBATCH-UPD
_b10
_c20130914
_lUCH01
_h1631
590 _aCONVERSION
_b10
_c20130109
_lUCH01
_h1353
650 1 4 _aIndicadores económicos.
_957564
650 1 4 _aIndicadores sociales.
_957565
650 1 4 _aPlanificación.
_988736
700 1 _aPalacio Prieto, J. L.
_984797
901 _aBK
942 _cLIBRO
949 _a338.972 In27
_bBC
_cLIBRO
_d33724002075702
_eLIBRO
_gI.c/e
_h110004
_i107099
_si
_t$150.00
999 _c95474
_d95474